[Event "Praha"]
[Site "?"]
[Date "2023.01.13"]
[Round "9.15"]
[White "Vojta, Jakub"]
[Black "Lacrosse, Marc"]
[Result "1-0"]
[BlackElo "2057"]
[WhiteElo "2288"]
[LiveChessVersion "1.4.8"]

1. e4 {[%clk 1:30:48]} e5 {[%clk 1:30:45]} 2. Nf3 {[%clk 1:25:51]} Nc6
{[%clk 1:30:50]} 3. d4 {[%clk 1:26:15]} exd4 {[%clk 1:31:13]} 4. c3
{[%clk 1:23:11]} dxc3 {[%clk 1:29:29]} 5. Nxc3 {[%clk 1:19:18]} Bb4
{[%clk 1:21:30]} 6. Bc4 {[%clk 1:17:38]} d6 {[%clk 1:17:02]} 7. Bg5
{[%clk 1:09:44]} Nf6 {[%clk 1:14:11]} 8. Qb3 {[%clk 1:01:23]} O-O
{[%clk 1:12:29]} 9. Rc1 {[%clk 0:45:58]} h6 {[%clk 1:04:24]} 10. Bh4
{[%clk 0:42:56]} Bxc3+ {[%clk 1:02:11]} 11. Rxc3 {[%clk 0:42:57]} Na5
{[%clk 0:49:18]} 12. Qc2 {[%clk 0:41:15]} Nxc4 {[%clk 0:45:43]} 13. Rxc4
{[%clk 0:41:41]} c5 {[%clk 0:39:23]} 14. O-O {[%clk 0:40:29]} Qe7
{[%clk 0:33:00]} 15. Re1 {[%clk 0:26:23]} Bg4 {[%clk 0:15:55]} 16. Nd2
{[%clk 0:24:33]} g5 {[%clk 0:11:38]} 17. Bg3 {[%clk 0:24:31]} Nh5
{[%clk 0:11:04]} 18. Rc3 {[%clk 0:16:26]} Rfe8 {[%clk 0:08:28]} 19. Nc4
{[%clk 0:15:16]} Rad8 {[%clk 0:06:14]} 20. Rce3 {[%clk 0:10:21]} Be6
{[%clk 0:05:10]} 21. e5 {[%clk 0:09:13]} dxe5 {[%clk 0:03:01]} 22. Bxe5
{[%clk 0:09:31]} b6 {[%clk 0:01:34]} 23. h3 {[%clk 0:06:38]} Ng7 {[%clk 0:01:26]}
24. g4 {[%clk 0:06:41]} Rd5 {[%clk 0:01:03]} 25. Qc3 {[%clk 0:06:21]} Rxe5
{[%clk 0:00:43]} 26. Nxe5 {[%clk 0:06:03]} Qf6 {[%clk 0:00:56]} 27. Rf3
{[%clk 0:06:08]} Qd8 {[%clk 0:01:08]} 28. Rd3 {[%clk 0:04:32]} Qf6
{[%clk 0:01:32]} 29. Nc6 {[%clk 0:03:23]} Qf4 {[%clk 0:01:08]} 30. Qe5
{[%clk 0:03:20]} Qa4 {[%clk 0:00:49]} 31. Rd6 {[%clk 0:02:03]} Qxa2
{[%clk 0:00:50]} 32. Qf6 {[%clk 0:02:24]} Qc4 {[%clk 0:00:40]} 33. Ne7+
{[%clk 0:01:13]} Kh7 {[%clk 0:00:43]} 34. Nf5 {[%clk 0:01:32]} Qf4 1-0

[Event "Praha"]
[Site "?"]
[Date "2023.01.13"]
[Round "9.16"]
[White "Bolk, Matthias"]
[Black "Oberhofer, Cedric"]
[Result "0-1"]
[BlackElo "2259"]
[WhiteElo "2080"]
[LiveChessVersion "1.4.8"]

1. e4 {[%clk 1:29:38]} c5 {[%clk 1:30:49]} 2. Nc3 {[%clk 1:29:48]} Nc6
{[%clk 1:31:10]} 3. Bb5 {[%clk 1:29:33]} Nd4 {[%clk 1:31:31]} 4. Nf3
{[%clk 1:29:55]} Nxb5 {[%clk 1:30:34]} 5. Nxb5 {[%clk 1:28:33]} d6
{[%clk 1:30:57]} 6. d4 {[%clk 1:26:14]} Nf6 {[%clk 1:30:04]} 7. Nc3
{[%clk 1:23:03]} cxd4 {[%clk 1:30:12]} 8. Qxd4 {[%clk 1:20:10]} e5
{[%clk 1:28:51]} 9. Qd3 {[%clk 1:17:06]} h6 {[%clk 1:27:56]} 10. O-O
{[%clk 1:14:59]} Be6 {[%clk 1:21:14]} 11. Be3 {[%clk 1:07:41]} Be7
{[%clk 1:13:49]} 12. Rfd1 {[%clk 1:00:28]} a6 {[%clk 1:13:02]} 13. a4
{[%clk 0:58:46]} Qc7 {[%clk 1:09:30]} 14. Ne1 {[%clk 0:37:33]} O-O
{[%clk 1:03:33]} 15. f3 {[%clk 0:35:43]} Rac8 {[%clk 1:01:08]} 16. Qd2
{[%clk 0:30:57]} d5 {[%clk 0:49:48]} 17. exd5 {[%clk 0:28:04]} Rfd8
{[%clk 0:49:13]} 18. Qf2 {[%clk 0:24:27]} Nxd5 {[%clk 0:49:20]} 19. Nxd5
{[%clk 0:24:41]} Rxd5 {[%clk 0:48:49]} 20. Rxd5 {[%clk 0:24:20]} Bxd5
{[%clk 0:49:14]} 21. Rd1 {[%clk 0:24:11]} Be6 {[%clk 0:47:03]} 22. Bb6
{[%clk 0:21:23]} Qc6 {[%clk 0:45:02]} 23. b3 {[%clk 0:21:30]} Bf5
{[%clk 0:39:35]} 24. c4 {[%clk 0:21:16]} Re8 {[%clk 0:33:09]} 25. a5
{[%clk 0:16:31]} Qg6 {[%clk 0:29:33]} 26. Qg3 {[%clk 0:15:38]} Bg5
{[%clk 0:26:43]} 27. Bf2 {[%clk 0:11:27]} Bc2 {[%clk 0:24:33]} 28. Rd5
{[%clk 0:08:05]} Bxb3 {[%clk 0:20:11]} 29. Rxe5 {[%clk 0:08:04]} Rxe5
{[%clk 0:19:43]} 30. Qxe5 {[%clk 0:08:32]} Qc6 {[%clk 0:18:47]} 31. c5
{[%clk 0:06:35]} Bf6 {[%clk 0:16:46]} 32. Qe3 {[%clk 0:05:37]} Qb5
{[%clk 0:15:59]} 33. g4 {[%clk 0:04:50]} Bd5 {[%clk 0:13:50]} 34. Qd2
{[%clk 0:03:11]} Qc4 {[%clk 0:12:57]} 35. h3 {[%clk 0:02:25]} Bc3
{[%clk 0:12:25]} 36. Qe3 {[%clk 0:02:02]} Bxa5 {[%clk 0:11:33]} 37. Nd3
{[%clk 0:01:42]} Bc3 {[%clk 0:09:17]} 38. Nf4 {[%clk 0:01:53]} Bc6
{[%clk 0:08:17]} 39. Kg2 {[%clk 0:01:20]} a5 {[%clk 0:06:33]} 40. Nh5
{[%clk 0:00:34]} a4 {[%clk 0:05:06]} 41. g5 {[%clk 0:30:13]} hxg5
{[%clk 0:32:37]} 42. Qxg5 {[%clk 0:28:54]} Qd5 {[%clk 0:32:17]} 43. Qg4
{[%clk 0:26:59]} Qxf3+ {[%clk 0:32:24]} 44. Qxf3 {[%clk 0:26:10]} a3
{[%clk 0:32:21]} 0-1

[Event "Praha"]
[Site "?"]
[Date "2023.01.13"]
[Round "9.17"]
[White "Zielonka, Adam"]
[Black "Matras, Ondrej"]
[Result "1/2-1/2"]
[BlackElo "2181"]
[WhiteElo "2053"]
[LiveChessVersion "1.4.8"]

1. c4 {[%clk 1:30:57]} g6 {[%clk 1:28:15]} 2. Nc3 {[%clk 1:31:16]} Bg7
{[%clk 1:28:36]} 3. g3 {[%clk 1:31:29]} e5 {[%clk 1:27:50]} 4. Bg2
{[%clk 1:31:49]} Ne7 {[%clk 1:28:01]} 5. e3 {[%clk 1:31:29]} O-O {[%clk 1:27:58]}
6. Nge2 {[%clk 1:31:44]} c6 {[%clk 1:26:53]} 7. d4 {[%clk 1:31:08]} d6
{[%clk 1:26:25]} 8. O-O {[%clk 1:30:41]} Be6 {[%clk 1:25:44]} 9. b3
{[%clk 1:30:07]} Qc8 {[%clk 1:25:32]} 10. Ba3 {[%clk 1:28:32]} Rd8
{[%clk 1:24:45]} 11. Qd2 {[%clk 1:20:48]} exd4 {[%clk 1:22:22]} 12. exd4
{[%clk 1:18:03]} Bh3 {[%clk 1:20:33]} 13. Rad1 {[%clk 1:14:32]} Bxg2
{[%clk 1:20:32]} 14. Kxg2 {[%clk 1:14:53]} Nf5 {[%clk 1:19:15]} 15. d5
{[%clk 1:12:55]} c5 {[%clk 1:18:51]} 16. Bb2 {[%clk 1:11:42]} Re8
{[%clk 1:16:56]} 17. Rfe1 {[%clk 1:07:14]} Nd7 18. h3 {[%clk 1:06:36]} h5
{[%clk 1:14:35]} 19. Ng1 {[%clk 1:04:30]} Nf6 {[%clk 1:11:58]} 20. Rxe8+
{[%clk 1:03:18]} Qxe8 {[%clk 1:10:22]} 21. Re1 {[%clk 1:02:46]} Qd7
{[%clk 1:10:33]} 22. Ne4 {[%clk 1:01:01]} Nxe4 {[%clk 1:10:48]} 23. Rxe4
{[%clk 1:01:26]} Re8 {[%clk 1:10:32]} 24. Rxe8+ {[%clk 1:01:41]} Qxe8
{[%clk 1:11:00]} 25. Bxg7 {[%clk 1:02:00]} Kxg7 {[%clk 1:11:04]} 26. Qe2
{[%clk 1:02:25]} Qxe2 {[%clk 1:10:11]} 27. Nxe2 {[%clk 1:02:53]} Kf6
{[%clk 1:10:16]} 28. f4 {[%clk 1:02:22]} Ne3+ {[%clk 1:10:14]} 29. Kf3
{[%clk 1:02:33]} Nc2 {[%clk 1:10:27]} 30. Ke4 {[%clk 1:01:51]} a6
{[%clk 1:10:21]} 31. a4 {[%clk 1:01:31]} 1/2-1/2

[Event "Praha"]
[Site "?"]
[Date "2023.01.13"]
[Round "9.18"]
[White "Mensing, Adrian"]
[Black "Smolik, Jachym"]
[Result "0-1"]
[BlackElo "2167"]
[WhiteElo "2033"]
[LiveChessVersion "1.4.8"]

1. d4 {[%clk 1:22:30]} d5 {[%clk 1:30:56]} 2. c4 {[%clk 1:22:38]} dxc4
{[%clk 1:31:18]} 3. Nf3 {[%clk 1:22:58]} Nf6 {[%clk 1:31:41]} 4. e3
{[%clk 1:23:15]} Bg4 {[%clk 1:32:05]} 5. Bxc4 {[%clk 1:23:26]} e6
{[%clk 1:32:28]} 6. h3 {[%clk 1:23:03]} Bh5 {[%clk 1:32:50]} 7. O-O
{[%clk 1:22:19]} a6 {[%clk 1:31:19]} 8. Nc3 {[%clk 1:20:46]} Nc6 {[%clk 1:26:34]}
9. d5 {[%clk 1:13:12]} Bxf3 {[%clk 1:12:00]} 10. gxf3 {[%clk 1:01:41]} Ne5
{[%clk 1:10:59]} 11. Qa4+ {[%clk 0:43:55]} b5 {[%clk 1:05:57]} 12. Nxb5
{[%clk 0:43:41]} axb5 {[%clk 1:06:11]} 13. Qxb5+ {[%clk 0:43:58]} Ke7
{[%clk 0:50:17]} 14. b3 {[%clk 0:22:32]} exd5 {[%clk 0:46:39]} 15. a4
{[%clk 0:16:53]} Rb8 {[%clk 0:42:16]} 16. Qa5 {[%clk 0:09:21]} Nc6
{[%clk 0:40:16]} 17. Ba3+ {[%clk 0:04:07]} Ke6 {[%clk 0:40:37]} 18. Qc3
{[%clk 0:04:32]} Bxa3 {[%clk 0:40:29]} 19. Bb5 {[%clk 0:04:13]} Ne5
{[%clk 0:27:13]} 20. Rxa3 {[%clk 0:03:52]} Nxf3+ {[%clk 0:25:50]} 21. Kg2
{[%clk 0:04:21]} Nh4+ {[%clk 0:25:18]} 22. Kh1 {[%clk 0:04:49]} Qd6
{[%clk 0:25:13]} 23. f4 {[%clk 0:04:31]} Ne4 {[%clk 0:19:50]} 24. Qxg7
{[%clk 0:01:18]} Nf5 {[%clk 0:19:40]} 25. Bd7+ {[%clk 0:00:44]} Kxd7
{[%clk 0:20:04]} 26. Qxf7+ {[%clk 0:01:08]} Ne7 {[%clk 0:20:22]} 0-1

[Event "Praha"]
[Site "?"]
[Date "2023.01.13"]
[Round "9.19"]
[White "Smietanska, Wiktoria"]
[Black "Arndt, Stefan"]
[Result "0-1"]
[BlackElo "2166"]
[WhiteElo "1986"]
[LiveChessVersion "1.4.8"]

1. c4 {[%clk 1:30:57]} e6 {[%clk 1:30:37]} 2. Nc3 {[%clk 1:31:14]} d5
{[%clk 1:30:59]} 3. d4 {[%clk 1:31:39]} Nf6 {[%clk 1:31:21]} 4. cxd5
{[%clk 1:32:00]} exd5 {[%clk 1:31:46]} 5. Bg5 {[%clk 1:32:23]} Be7
{[%clk 1:31:34]} 6. e3 {[%clk 1:32:42]} O-O {[%clk 1:31:38]} 7. Bd3
{[%clk 1:32:54]} Re8 {[%clk 1:31:53]} 8. Nge2 {[%clk 1:32:24]} c6
{[%clk 1:32:10]} 9. Qc2 {[%clk 1:30:07]} Nbd7 {[%clk 1:32:18]} 10. O-O
{[%clk 1:29:49]} Nf8 {[%clk 1:32:38]} 11. Rae1 {[%clk 1:28:30]} g6
{[%clk 1:32:44]} 12. f3 {[%clk 1:25:38]} Ne6 {[%clk 1:29:56]} 13. Bh4
{[%clk 1:25:57]} b5 {[%clk 1:30:13]} 14. Bf2 {[%clk 1:19:33]} Bb7
{[%clk 1:27:37]} 15. h3 {[%clk 1:17:42]} Rc8 {[%clk 1:22:09]} 16. e4
{[%clk 1:15:29]} b4 {[%clk 1:19:50]} 17. Na4 {[%clk 1:14:23]} Qa5
{[%clk 1:18:22]} 18. e5 {[%clk 1:12:52]} Nh5 {[%clk 0:57:38]} 19. Nc5
{[%clk 1:06:05]} Bxc5 {[%clk 0:55:44]} 20. dxc5 {[%clk 1:06:26]} Nhf4
{[%clk 0:54:46]} 21. Nc1 {[%clk 1:03:21]} Nxd3 {[%clk 0:54:33]} 22. Nxd3
{[%clk 1:03:41]} Ba6 {[%clk 0:54:43]} 23. Rc1 {[%clk 0:45:42]} Bxd3
{[%clk 0:46:25]} 24. Qxd3 {[%clk 0:46:03]} Qxa2 {[%clk 0:45:36]} 25. Qd2
{[%clk 0:41:46]} d4 {[%clk 0:39:40]} 26. Bh4 {[%clk 0:37:01]} Qd5
{[%clk 0:38:41]} 27. Bf6 {[%clk 0:37:18]} d3 {[%clk 0:35:01]} 28. Qxb4
{[%clk 0:23:51]} Rb8 {[%clk 0:31:24]} 29. Qc3 {[%clk 0:23:43]} Nf4
{[%clk 0:28:43]} 30. Qd2 {[%clk 0:23:13]} Qd4+ {[%clk 0:26:52]} 31. Rf2
{[%clk 0:19:34]} Rxb2 {[%clk 0:26:41]} 32. e6 {[%clk 0:17:37]} Rxd2
{[%clk 0:22:56]} 33. exf7+ {[%clk 0:16:11]} Kxf7 {[%clk 0:23:22]} 34. Bxd4
{[%clk 0:16:33]} Ne2+ {[%clk 0:23:22]} 35. Kf1 {[%clk 0:16:33]} Rc2
{[%clk 0:23:36]} 36. Rxc2 {[%clk 0:14:20]} dxc2 {[%clk 0:24:01]} 37. Bb2
{[%clk 0:14:18]} c1=Q+ {[%clk 0:22:57]} 38. Bxc1 {[%clk 0:14:43]} Nxc1
{[%clk 0:23:19]} 39. Rd2 {[%clk 0:14:50]} Nb3 {[%clk 0:23:09]} 40. Ra2
{[%clk 0:15:08]} Re7 {[%clk 0:23:00]} 41. Rc2 {[%clk 0:15:30]} a5
{[%clk 0:23:19]} 42. Ra2 {[%clk 0:15:44]} Ra7 {[%clk 0:23:20]} 0-1

[Event "Praha"]
[Site "?"]
[Date "2023.01.13"]
[Round "9.20"]
[White "Eliseev, Sergey"]
[Black "Hanl, Frantisek"]
[Result "1-0"]
[BlackElo "2148"]
[WhiteElo "1976"]
[LiveChessVersion "1.4.8"]

1. e4 {[%clk 1:30:57]} c6 {[%clk 1:22:16]} 2. d4 {[%clk 1:28:04]} d5
{[%clk 1:22:25]} 3. e5 {[%clk 1:28:24]} Bf5 {[%clk 1:22:48]} 4. h4
{[%clk 1:28:48]} h5 {[%clk 1:23:12]} 5. Bd3 {[%clk 1:29:10]} Bxd3
{[%clk 1:19:52]} 6. Qxd3 {[%clk 1:29:34]} e6 {[%clk 1:14:23]} 7. Bg5
{[%clk 1:29:50]} Qb6 {[%clk 1:14:39]} 8. Nd2 {[%clk 1:29:05]} Qa6
{[%clk 1:14:38]} 9. c4 {[%clk 1:28:22]} Nd7 {[%clk 1:14:35]} 10. Ngf3
{[%clk 1:20:34]} Ne7 {[%clk 1:10:11]} 11. b4 {[%clk 1:10:09]} dxc4
{[%clk 1:08:40]} 12. Qxc4 {[%clk 1:09:11]} Qxc4 {[%clk 1:05:01]} 13. Nxc4
{[%clk 1:09:39]} Nd5 {[%clk 1:05:19]} 14. a3 {[%clk 1:06:14]} f6 {[%clk 1:03:34]}
15. Bd2 {[%clk 1:00:06]} Kf7 {[%clk 0:58:59]} 16. O-O {[%clk 0:58:58]} Be7
{[%clk 0:58:58]} 17. Rab1 {[%clk 0:49:22]} Rhc8 {[%clk 0:56:40]} 18. Rfc1
{[%clk 0:44:25]} N7b6 {[%clk 0:51:39]} 19. Na5 {[%clk 0:36:28]} Rc7
{[%clk 0:51:30]} 20. g3 {[%clk 0:34:16]} Rac8 {[%clk 0:48:42]} 21. Ne1
{[%clk 0:32:18]} Na4 {[%clk 0:45:11]} 22. Nd3 {[%clk 0:30:41]} b6
{[%clk 0:41:49]} 23. Nc4 {[%clk 0:29:58]} c5 {[%clk 0:40:53]} 24. bxc5
{[%clk 0:26:10]} bxc5 {[%clk 0:41:09]} 25. Nd6+ {[%clk 0:25:59]} Bxd6
{[%clk 0:37:30]} 26. exd6 {[%clk 0:23:30]} Rc6 {[%clk 0:36:28]} 27. Rb7+
{[%clk 0:22:47]} Kf8 {[%clk 0:36:25]} 28. d7 {[%clk 0:22:25]} Rd8
{[%clk 0:36:49]} 29. dxc5 {[%clk 0:17:18]} Nc7 {[%clk 0:33:39]} 30. Nb4
{[%clk 0:16:52]} Rxc5 {[%clk 0:32:15]} 31. Rxc5 {[%clk 0:17:08]} Nxc5
{[%clk 0:32:36]} 32. Rxc7 {[%clk 0:17:16]} 1-0